The psychology of religion : an empirical approach / (Record no. 129)

000 -LEADER
fixed length control field 01683cam a2200337 a 4500
001 - CONTROL NUMBER
control field 15669576
003 - CONTROL NUMBER IDENTIFIER
control field OSt
005 - DATE AND TIME OF LATEST TRANSACTION
control field 20140116120819.0
008 - FIXED-LENGTH DATA ELEMENTS--GENERAL INFORMATION
fixed length control field 090323s2009 nyu b 001 0 eng
010 ## - LIBRARY OF CONGRESS CONTROL NUMBER
LC control number 2009011600
015 ## - NATIONAL BIBLIOGRAPHY NUMBER
National bibliography number GBA965224
Source bnb
016 7# - NATIONAL BIBLIOGRAPHIC AGENCY CONTROL NUMBER
Record control number 015302727
Source Uk
020 ## - INTERNATIONAL STANDARD BOOK NUMBER
International Standard Book Number 9781606233030 (hardcover : alk. paper)
020 ## - INTERNATIONAL STANDARD BOOK NUMBER
International Standard Book Number 1606233033 (hardcover : alk. paper)
035 ## - SYSTEM CONTROL NUMBER
System control number (OCoLC)ocn294887567
040 ## - CATALOGING SOURCE
Original cataloging agency DLC
Transcribing agency DLC
Modifying agency YDX
-- BTCTA
-- YDXCP
-- UKM
-- BWX
-- CDX
-- DLC
050 00 - LIBRARY OF CONGRESS CALL NUMBER
Classification number BL53.H66 2009
100 1# - MAIN ENTRY--PERSONAL NAME
Personal name Hood, Ralph W.
245 14 - TITLE STATEMENT
Title The psychology of religion : an empirical approach /
Statement of responsibility, etc Ralph W. Hood, Jr., Peter C. Hill and Bernard Spilka.
250 ## - EDITION STATEMENT
Edition statement 4th ed.
260 ## - PUBLICATION, DISTRIBUTION, ETC. (IMPRINT)
Place of publication, distribution, etc New York :
Name of publisher, distributor, etc Guilford Press,
Date of publication, distribution, etc 2009.
300 ## - PHYSICAL DESCRIPTION
Extent xix, 636 p. ;
Dimensions 26 cm.
504 ## - BIBLIOGRAPHY, ETC. NOTE
Bibliography, etc Includes bibliographical references and indexes.
505 0# - FORMATTED CONTENTS NOTE
Formatted contents note The psychological nature and functions of religion -- Foundations for an empirical psychology of religion -- Religion and biology -- Religion in childhood -- Religion in adolescence and young adulthood -- Adult religious issues -- Religion, aging, and death -- Conversion, spiritual transformation, and deconversion -- Relationships between individuals and religious groups -- Religious and spiritual experience -- Mysticism -- Religion, morality, and prejudice -- Religion, psychopathology, and coping -- Epilogue.
650 #0 - SUBJECT ADDED ENTRY--TOPICAL TERM
Topical term or geographic name as entry element Psychology, Religious.
700 1# - ADDED ENTRY--PERSONAL NAME
Personal name Hill, Peter C.,
Dates associated with a name 1953-
700 1# - ADDED ENTRY--PERSONAL NAME
Personal name Spilka, Bernard,
Dates associated with a name 1926-
906 ## - LOCAL DATA ELEMENT F, LDF (RLIN)
a 7
b cbc
c orignew
d 1
e ecip
f 20
g y-gencatlg
942 ## - ADDED ENTRY ELEMENTS (KOHA)
Source of classification or shelving scheme
Koha item type Book
Holdings
Withdrawn status Lost status Source of classification or shelving scheme Damaged status Not for loan Home library Current library Date acquired Source of acquisition Total Checkouts Full call number Barcode Checked out Date last seen Date checked out Copy number Price effective from Koha item type
          Riara University Library Riara University Library 08/10/2011 Purchase 2 BL53.H66 2009 2684/11 20/09/2018 04/09/2018 04/09/2018 C.1 08/10/2011 Book
          Riara University Library Riara University Library 08/10/2011 Purchase 2 BL53.H66 2009 2683/11   28/06/2021 07/07/2017 C.3 08/10/2011 Book
          Riara University Library Riara University Library 08/10/2011 Purchase 2 BL53.H66 2009 2682/11   26/11/2014 17/10/2014 C.2 08/10/2011 Book

Riara University Library,
P.O. Box 49940-00100,
Nairobi, Kenya.